| 000 | 00456cam a22001217a 4500 | ||
|---|---|---|---|
| 008 | 180718b1984 xxu||||| |||| 00| 0 eng d | ||
| 082 | _aT123x54 K959 | ||
| 245 |
_aPrice controls in the Indian economy : papers and proceedings of a National Seminar on Price Controls _cedited by G.B. Kulkarni |
||
| 260 |
_aPune _bThe Times Research Foundation _c1984 |
||
| 300 | _a262p. | ||
| 650 | _aPrices --Government policy --India --Congresses | ||
| 700 | _aKulkarni, G.B. | ||
| 999 |
_c348869 _d348869 |
||